000 00814cab a2200241 4500
001 Z7060
008 090401t1995 xxu||||| |||| 00| 0 eng d
035 _a(Sirsi) u69810
041 _aeng
100 _aJoyce, R.
245 _aMPs want revival of high street shopping
260 _c1995
350 _a0
490 _aCSM (Chartered Surveyor Monthly)
_v4(3) January 1995, 30-31(2)
520 _aReviews the Environment Select Committee`s report "Shopping centres and their future" and its recommendations aimed at strenthening town centres as attractive shopping locations.
650 _aENVIRONMENT COMMITTEE
650 _aOUT-OF-TOWN SHOPPING
650 _aPLANNING POLICY
650 _aTOWN CENTRES
690 _aPROPERTY-COMMERCIAL PROPERTY-RETAIL PROPERTY
942 _n0
948 _c04/03/1997
999 _c43885
_d43885